Les villes les plus dangereuses des Etats-Unis - Statistiques

Statistiques générales
  • Ce quiz a été pris 309 fois
  • Le résultat moyen est 4 sur 10
Statistiques - réponses
Indice Réponse % Correct
2,178,54 Détroit
84%
2,016,27 St louis
48%
2,351,99 Memphis
46%
1,596,83 Milwaukee
37%
1,324,35 La Nouvelle Orléans
37%
1,656,73 Cleveland
36%
1,585,91 Kansas City
25%
1.343,62 Albuquerque
20%
1,290,87 Oakland
16%
1.401,8 San-Bernardino
3%
Aucun quiz correspondant
Distribution des résultats
% des personnes avec chaque résultat
Percentile par nombre de réponses
Votre historique - résultats
Vous n’avez pas pris ce quiz